000
00250nam a2200109Ia 4500
008
190216s9999||||xx |||||||||||||| ||und||
100
_a
Cherukad
245
0
_a
Malayalam-Sneha Bandangal
260
_b
Current Books
650
_a
Malayalam
942
_c
BK
999
_c
24015
_d
24015